FIBA Basketball World Ranking - Men in 2024 - Statistics

General Stats
  • This quiz has been taken 62 times
  • The average score is 16 of 20
Answer Stats
Rank Points Answer % Correct
6 744.9 Canada
100%
1 840.1 United States
100%
4 753.4 France
98%
3 757.3 Germany
98%
5 745.7 Spain
98%
12 672.9 Brazil
91%
2 761.4 Serbia
91%
13 659.3 Greece
87%
10 702.8 Lithuania
87%
7 733.1 Australia
85%
14 638.6 Italy
85%
11 673.8 Slovenia
84%
8 732.5 Argentina
82%
9 716.1 Latvia
76%
17 582 Poland
76%
20 537.4 Finland
64%
19 545.9 Czechia
55%
16 596.6 Montenegro
47%
15 606.9 Puerto Rico
47%
18 551 Dominican Republic
42%
No matching quizzes found
Score Distribution
Percent of People with Each Score
Percentile by Number Answered
Your Score History
You have not taken this quiz